Research for CULT Committee - Recommendations for EU policy developments on the protection of minors in the digital age (Record no. 20961)
[ view plain ]
| 000 -CABECERA | |
|---|---|
| campo de control de longitud fija | 02347nam a22002897a 4500 |
| 003 - IDENTIFICADOR DEL NÚMERO DE CONTROL | |
| campo de control | ES-MaBCA |
| 005 - FECHA Y HORA DE LA ÚLTIMA TRANSACCIÓN | |
| campo de control | 20180315135545.0 |
| 008 - CÓDIGOS DE INFORMACIÓN DE LONGITUD FIJA | |
| campo de control de longitud fija | 150225b xxu||||| |||| 00| 0 eng d |
| 020 ## - NÚMERO INTERNACIONAL NORMALIZADO PARA LIBROS(ISBN) | |
| Número Internacional Normalizado para Libros (ISBN) | 978-92-846-2580-2 |
| 024 ## - OTROS IDENTIFICADORES NORMALIZADOS | |
| Fuente del número o código | Doi |
| Número normalizado o código | 10.2861/311624 |
| 040 ## - FUENTE DE LA CATALOGACIÓN | |
| Centro catalogador de origen | ES-MaBCA |
| Centro transcriptor | ES-MaBCA |
| 100 ## - PUNTO DE ACCESO PRINCIPAL - NOMBRE DE PERSONA | |
| 9 (RLIN) | 15360 |
| Nombre de persona | Livingstone, Sonia |
| 100 ## - PUNTO DE ACCESO PRINCIPAL - NOMBRE DE PERSONA | |
| 9 (RLIN) | 15361 |
| Nombre de persona | Tambini, Damian |
| 100 ## - PUNTO DE ACCESO PRINCIPAL - NOMBRE DE PERSONA | |
| 9 (RLIN) | 15362 |
| Nombre de persona | Belakova, Nikola |
| 245 ## - MENCIÓN DE TÍTULO | |
| Título | Research for CULT Committee - Recommendations for EU policy developments on the protection of minors in the digital age |
| Mención de responsabilidad etc. | Policy Department for Structural and Cohesion Policies |
| Medio | [Recurso electrónico] |
| 260 ## - PUBLICACIÓN, DISTRIBUCIÓN, ETC. (PIE DE IMPRENTA) | |
| Fecha de publicación distribución etc. | 2018 |
| 300 ## - DESCRIPCIÓN FÍSICA | |
| Extensión | 34 p. |
| Tipo de unidad | Recurso online |
| Tamaño de la unidad | 937 KB |
| 500 ## - NOTA GENERAL | |
| Nota general | This briefing paper provides information, analysis and recommendations regarding future EU policy developments on the protection of minors in the digital age to support the CULT Committee’s deliberations. Focusing on developments since 2012, it identifies recent policy developments at EU level, evaluates existing EU initiatives and instruments, and recommends further action at EU level. |
| 520 ## - SUMARIO, ETC. | |
| Sumario etc. | This document contains the Annex to the Study on Mass Surveillance, commissioned by<br/>STOA of the European Parliament. This Annex contains detailed information and references<br/>that were used as the basis for the elaboration of the Study.<br/>The motivation for providing this Annex in conjunction with the Study is to provide the<br/>reader with a means to delve deeper into relevant information concerning the questions<br/>posed in the tender of the Study.<br/>In order to facilitate the reader an appropriate orientation and guidance for accessing this<br/>information, this Annex is structured according to the themes and questions specified in the<br/>original tender. Specific information or crosslinks to information that is relevant for more<br/>than one question are provided for each of the thirty five questions documented in the<br/>tender. |
| 650 #0 - PUNTO DE ACCESO ADICIONAL DE MATERIA--TÉRMINO DE MATERIA | |
| 9 (RLIN) | 12877 |
| Término de materia o nombre geográfico como elemento inicial | Didáctica |
| 650 #0 - PUNTO DE ACCESO ADICIONAL DE MATERIA--TÉRMINO DE MATERIA | |
| 9 (RLIN) | 4205 |
| Término de materia o nombre geográfico como elemento inicial | Internet |
| 650 #0 - PUNTO DE ACCESO ADICIONAL DE MATERIA--TÉRMINO DE MATERIA | |
| 9 (RLIN) | 1698 |
| Término de materia o nombre geográfico como elemento inicial | Seguridad en las Tecnologías |
| 651 #0 - PUNTO DE ACCESO ADICIONAL DE MATERIA--NOMBRE GEOGRÁFICO | |
| 9 (RLIN) | 1574 |
| Nombre geográfico | Países de la Unión Europea |
| 710 ## - PUNTO DE ACCESO ADICIONAL--NOMBRE DE ENTIDAD CORPORATIVA | |
| 9 (RLIN) | 12899 |
| Nombre de entidad o nombre de jurisdicción como elemento inicial | Parlamento Europeo |
| Unidad subordinada | . Servicio de Investigación Parlamentario Europeo |
| 856 4# - LOCALIZACIÓN Y ACCESO ELECTRÓNICOS | |
| Identificador Uniforme del Recurso (URI) | <a href="http://www.europarl.europa.eu/RegData/etudes/IDAN/2018/617454/IPOL_IDA(2018)617454_EN.pdf">http://www.europarl.europa.eu/RegData/etudes/IDAN/2018/617454/IPOL_IDA(2018)617454_EN.pdf</a> |
| Tipo de formato electrónico | |
| 942 ## - ELEMENTOS DE PUNTO DE ACCESO ADICIONAL (KOHA) | |
| Fuente del sistema de clasificación o colocación | Universal Decimal Classification |
| Tipo de ítem Koha | Informes |
| Prefijo de la signatura | Boletín UE |
| Sufijo de la signatura | Febrero 2018 |
| Estado de retiro | Estado de pérdida | Fuente del sistema de clasificación o colocación | Estado dañado | No para préstamo | Código de colección | Localización permanente | Ubicación/localización actual | Fecha de adquisición | Total de préstamos | Código de barras | Fecha visto por última vez | Precio válido a partir de | Tipo de ítem Koha |
|---|---|---|---|---|---|---|---|---|---|---|---|---|---|
| Universal Decimal Classification | Biblioteca Digital | Centro de Análisis y Prospectiva de la Guardia Civil | Centro de Análisis y Prospectiva de la Guardia Civil | 15/03/2018 | 2019388 | 15/03/2018 | 15/03/2018 | Informes |
